The ends of science : an essay in scientific authority /

Bibliographic Details
Main Author: Redner, Harry
Format: Book
Language:English
Published: Boulder, Colo. : Westview Press, 1987.
Subjects:

MARC

Tag First Indicator Second Indicator Subfields
LEADER 00000cam a2200000 a 4500
001 in00000007228
005 20151005060010.0
008 870319s1987 cou b 00110 eng
010 |a  87008248  
020 |a 0813304520 (alk. paper) 
035 |a (OCoLC)15486939 
035 |9 AAA1710AM 
040 |a DLC  |c DLC  |d TXA  |d UtOrBLW 
049 |a TXAM  |c [A12629493] 
050 0 0 |a Q158.5  |b .R43 1987 
082 0 |a 501  |2 19 
100 1 |a Redner, Harry. 
245 1 4 |a The ends of science :  |b an essay in scientific authority /  |c Harry Redner. 
264 1 |a Boulder, Colo. :  |b Westview Press,  |c 1987. 
300 |a xiv, 344 pages ;  |c 24 cm. 
336 |a text  |b txt  |2 rdacontent 
337 |a unmediated  |b n  |2 rdamedia 
338 |a volume  |b nc  |2 rdacarrier 
504 |a Bibliography: pages 319-328. 
500 |a Includes index. 
650 0 |a Science. 
650 0 |a Science  |x Philosophy. 
650 0 |a Science  |x Social aspects. 
650 0 |a Knowledge, Sociology of. 
999 |a MARS 
999 f f |s b3ca9dcd-bce9-3e7b-9a92-9e0821295255  |i b1668fc3-e6b5-3040-940f-79f55112dc22  |t 0 
952 f f |p ric  |a Texas A&M University  |b Rellis Campus  |c Joint Library Facility  |d Remote Storage  |t 0  |e Q158.5 .R43 1987  |h Library of Congress classification  |i unmediated -- volume  |m A14812629493 
998 f f |a Q158.5 .R43 1987  |t 0  |l Remote Storage